000 00365nam a22001577a 4500
003 AR-RoIUNI
005 20260211103134.0
008 260211b |||||||| |||| 00| 0 spa d
040 _cIUNIR
080 _a304
100 _aDurkheim, Emile
245 _aLas reglas del método sociológico
650 _2Psicoanalisis
650 _2sociología
942 _2cdu
_cBK
999 _c6395
_d6395